Estadísticas para Popayán - Colombia.

Haz click aquí para intentar la prueba.

Estadísticas generales

  • Esta prueba ha sido intentada 9 veces
  • La puntuación promedio es 13 de 17

Estadísticas de respuestas

PreguntaRespuesta% Correcto
Colores de la bandera de PopayánAmarillo
100%
Azul
100%
Popayán es la capital de este departamentoCauca
100%
El 24 de marzo de 1814 Popayán proclamó suIndependencia
100%
Rojo
100%
El 31 de Marzo de 1983 Popayán sufrio unTerremoto
100%
Otro nombre para PopayánCiudad Blanca
86%
Actividad religiosa declarada por la UNESCO como
Obra Maestra del Patrimonio Oral e Inmaterial de la Humanidad.
Procesiones de Semana Santa
86%
Popayán fue una provincia en esta RepúblicaRepública de la Nueva Granada
86%
Carretera con más flujo de vehículosPanamericana
71%
Tamales y empanadas dePipián
71%
Aeropuerto
( Presidente Nacido en Popayán )
Guillermo León Valencia
57%
Parque famoso frente a la torre del relojParque Caldas
57%
GentilicioPayanés / Patojo
57%
Puente historico terminado en 1883Puente del Humilladero
57%
Fundador de PopayánSebastián de Belalcázar
57%
Loma no natural, cementerio precolombinoEl Morro de Tulcán
43%

Distribución de puntuación

Porcentaje por número respondido

Porcentaje de gente con cada puntuación

Historial de tus puntuaciones

No has intentado esta prueba.